Sedi del Campionato mondiale di Formula 1 2014 - Statistics

Statistiche generali
  • Questo quiz è stato fatto 2 volte
  • Il punteggio medio è 13 su 19
Statistiche sulle risposte
Data Sede % Corretto
23 novembre Abu Dhabi
100%
2 novembre Austin
100%
20 luglio Hockenheim
100%
16 marzo Melbourne
100%
25 maggio Monaco
100%
7 settembre Monza
100%
9 novembre San Paolo
100%
30 marzo Sepang
100%
20 aprile Shanghai
100%
6 luglio Silverstone
100%
5 ottobre Suzuka
100%
27 luglio Mogyoród
50%
8 giugno Montréal
50%
21 settembre Singapore
50%
6 aprile Manama
0%
11 maggio Montmeló
0%
12 ottobre Soči
0%
22 giugno Spielberg
0%
24 agosto Stavelot
0%
Nessun quiz corrispondente trovato
Distribuzione punteggi
Percentuale di utenti per punteggio
Percentile per numero di risposta
I tuoi punteggi nel tempo
Non hai fatto questo quiz